Langue française: le jeu du dictionnaire #11 - Statistiques

Statistiques générales
  • Ce quiz a été pris 701 fois
  • Le résultat moyen est 16 sur 20
Statistiques - réponses
Catégorie Définition Réponse % Correct
Nom Anneau, alliance Bague
99%
Nom Petit bâton mince ou sorte de pain allongé Baguette
95%
Verbe Ouvrir largement la bouche dû au besoin de dormir Bâiller
95%
Verbe Nettoyer à l'aide d'un balais Balayer
95%
Nom Familier de "voiture" Bagnole
93%
Nom Promenade Balade
92%
Nom Siège suspendu par des cordes sur lequel on bascule Balançoire
90%
Nom Mammifère de l'ordre des cétacés, très gros Baleine
89%
Verbe Faire taire quelqu'un à l'aide d'un bandeau autour de la bouche Bâillonner
87%
Nom Ce qu'on fait couler dans une baignoire Bain
87%
Nom Synonyme de "Bisou" Baiser
86%
Nom En argot, désigne le lycée ou le collège Bahut
85%
Nom Grande entaille sur le visage, qui laisse une cicatrice, nommée également ainsi Balafre
85%
Nom Petite terrasse en plate-forme des appartements Balcon
85%
Verbe Tremper quelqu'un dans l'eau Baigner
82%
Verbe Faire descendre quelque chose, le porter vers le bas Baisser
76%
Nom Sorte de tenture dressée au-dessus d'un lit ou d'un trône Baldaquin
69%
Nom Échancrure d'une côte, s'enfonçant dans les terres Baie
59%
Nom Familièrement désigne une joue humaine pendante Bajoue
49%
Adjectif Qui parle avec hésitation Balbutiant
31%
Aucun quiz correspondant
Distribution des résultats
% des personnes avec chaque résultat
Percentile par nombre de réponses
Votre historique - résultats
Vous n’avez pas pris ce quiz